01704nam a2200325 a 450000100100000000500170001000800410002702000180006804000250008608200200011110000480013124501250017926000380030430000290034249000480037150000570041950400290047659000260050565000280053165000310055970000400059083000570063091000370068795201320072495201320085695201320098895201180112095201230123899900170136100004804420240412074306.0181109s2017 dr 000 p spa d a9789945503159 aDO-SdBNPbspacBNPHU aRD861.44bM843p1 aMoreno Jimenez, Domingo,d1894-1986.97555010aPalabras sin tiempo :b[selección poética] /cDomingo Moreno Jimenez ; seleccion y prólogo de Manuel Mota Serrano. aSanto Domingo :bNacional,c2017. axxviii, 166 p. ;c19 cm.1 aBiblioteca dominicana básicaapoesíav6 aIncluye datos biográficos del autor en las solapas aBibliografía: p. 23-28 aInventariado, 2018/LP 0aPoesía dominicana966 0aLiteratura dominicana.9671 aManuel Mota Serranoepról.975551 0aBiblioteca dominicana básica ;ppoesían6975552 aValidado. Control de calidad MFF 001054708DSaGRbGRcHDd2018-11-09iLF1l0oRD861.44 M843pp48044-30r2020-06-25te.3w2020-06-25yLFDSZPréstamo en sala 001054708DSaGRbGRcHDd2018-11-09iLF1l0oRD861.44 M843pp48044-40r2020-06-25te.4w2020-06-25yLFDSZPréstamo en sala 001054708DSaGRbGRcHDd2018-11-09iLF1l0oRD861.44 M843pp48044-50r2020-06-25te.5w2020-06-25yLFDSZPréstamo en sala 0010718PDaPDbPDcHDd2018-11-09iLF1l0oRD861.44 M843pp48044-10r2020-06-25w2020-06-25yLFPDZNo se presta 0010718PDaPDbPDcHDd2018-11-09iLF1l0oRD861.44 M843pp48044-20r2020-06-25te.2w2020-06-25yLFPDZNo se presta c47532d47532